000 00309nam a22001337a 4500
008 170526b xxu||||| |||| 00| 0 eng d
020 _a0023818972
041 _aeng
080 _a004
100 _a27
101 _aSHKI
245 _aA GRAMMATICAL VIEW OF LOGIC PROGRAMMING
_cDERANSART, P
942 _2udc
_cBK
999 _c14511
_d14511